Escudos de Equipes da Europa League 25/26 - Statistics

Estatísticas Gerais
  • Esse quiz foi jogado 37 vezes
  • A pontuação média é 34 de 45
Estatísticas das Respostas
Imagem Resposta % Correto
Genk
97%
PAOK
97%
Sheriff
97%
Aston Villa
94%
Beşiktaş
94%
Braga
94%
Celta de Vigo
94%
Lyon
94%
Midtjylland
94%
Utrecht
94%
Young Boys
94%
Aberdeen
90%
Lille
90%
Nottingham Forest
90%
Porto
90%
Real Betis
90%
Roma
90%
Samsunspor
90%
Hibernian
87%
Spartak Trnava
87%
Baník Ostrava
84%
BK Häcken
84%
Bologna
84%
Dinamo Zagreb
84%
Partizan
84%
Prishtina
84%
Sabah
84%
Stuttgart
84%
Anderlecht
81%
Freiburg
77%
Paksi
77%
Go Ahead Eagles
74%
Legia Varsóvia
74%
Sigma Olomouc
74%
Shakhtar Donetsk
71%
Wolfsberger
71%
Hapoel Be’er Sheva
61%
CFR Cluj
58%
Lugano
58%
AEK Larnaca
39%
Celje
39%
Aqtöbe
16%
Ilves
16%
Fredrikstad
13%
Levski Sofia
13%
Nenhum quiz correspondente encontrado
Distribuição das Pontuações
Porcentagem de Pessoas com Cada Pontuação
Percentil de Números Respondidos
Sua Pontuação Histórica
Você não jogou esse quiz